00381nam a2200133 a 450000100100000000500170001000800410002704000250006808200150009310000340010824500460014226000380018830000210022600003516320200930074139.0111025s1983 xxu 000 0 spa d aDO-SdBNPbspacBNPHU axxxxbxxxx1 aSocarras Blanco, Miguel Angel10aVisiones /cMiguel Angel Socarras Blanco. aEE.UU., :bAmerican Press,c1983. a20 cm. ;c22 cm.